<?xml version="1.0" encoding="UTF-8"?>
<record
    xmlns:xsi="http://www.w3.org/2001/XMLSchema-instance"
    xsi:schemaLocation="http://www.loc.gov/MARC21/slim http://www.loc.gov/standards/marcxml/schema/MARC21slim.xsd"
    xmlns="http://www.loc.gov/MARC21/slim">

  <leader>00672nam a22001937a 4500</leader>
  <controlfield tag="008">131030b        xxu||||| |||| 00| 0 alb d</controlfield>
  <datafield tag="020" ind1=" " ind2=" ">
    <subfield code="a">9789989172410</subfield>
  </datafield>
  <datafield tag="041" ind1="0" ind2=" ">
    <subfield code="a">alb</subfield>
  </datafield>
  <datafield tag="080" ind1=" " ind2=" ">
    <subfield code="a">316.485.6 </subfield>
  </datafield>
  <datafield tag="100" ind1="1" ind2=" ">
    <subfield code="a">Latifi, Veton</subfield>
  </datafield>
  <datafield tag="245" ind1="1" ind2="0">
    <subfield code="a">Negocimi si teknik&#xEB; par&#xEB;sore p&#xEB;r zgjidhjen e konflikteve :</subfield>
    <subfield code="c">Veton Latifi</subfield>
  </datafield>
  <datafield tag="260" ind1=" " ind2=" ">
    <subfield code="a">Shkup :</subfield>
    <subfield code="b">Instituti i Ohrit p&#xEB;r Strategj Ekonomike dhe Marr&#xEB;dh&#xEB;nie Nd&#xEB;rkomb&#xEB;tare ;</subfield>
    <subfield code="c">2007</subfield>
  </datafield>
  <datafield tag="300" ind1=" " ind2=" ">
    <subfield code="a">166 f. :</subfield>
    <subfield code="b">me il. ;</subfield>
    <subfield code="c">17 cm.</subfield>
  </datafield>
  <datafield tag="500" ind1=" " ind2=" ">
    <subfield code="a">Parath&#xEB;nie : f. 7-12</subfield>
  </datafield>
  <datafield tag="505" ind1=" " ind2=" ">
    <subfield code="a">Bibliografi : f. 137-153</subfield>
  </datafield>
  <datafield tag="650" ind1=" " ind2=" ">
    <subfield code="a">Zgjedhja e problemeve</subfield>
    <subfield code="z">Oh&#xEB;r</subfield>
  </datafield>
  <datafield tag="650" ind1=" " ind2=" ">
    <subfield code="a">Konflikti social</subfield>
    <subfield code="z">Oh&#xEB;r</subfield>
  </datafield>
  <datafield tag="942" ind1=" " ind2=" ">
    <subfield code="2">udc</subfield>
    <subfield code="c">BK</subfield>
  </datafield>
  <datafield tag="999" ind1=" " ind2=" ">
    <subfield code="c">217</subfield>
    <subfield code="d">217</subfield>
  </datafield>
  <datafield tag="952" ind1=" " ind2=" ">
    <subfield code="0">0</subfield>
    <subfield code="1">0</subfield>
    <subfield code="2">udc</subfield>
    <subfield code="4">0</subfield>
    <subfield code="7">0</subfield>
    <subfield code="8">P&#xCB;KG</subfield>
    <subfield code="a">001</subfield>
    <subfield code="b">001</subfield>
    <subfield code="c">P&#xCB;KG</subfield>
    <subfield code="d">2013-10-30</subfield>
    <subfield code="l">0</subfield>
    <subfield code="o">316.485.6 LAT</subfield>
    <subfield code="p">001-000248</subfield>
    <subfield code="r">2013-10-30</subfield>
    <subfield code="y">BK</subfield>
  </datafield>
</record>
